000 00588nam a22001457a 4500
020 _a0-345-40479-3
082 _a823
_bPAT/P
100 _aPATTERSON,RICHARD NORTH
245 _aPROTECT AND DEFEND
260 _aNEW YORK
_bBALLANTINE BOOKS
300 _a591
520 _aWhile the Senate spars over Caroline Masters' nomination, an inflammatory abortion rights case is making its way toward the judge–and will explode into the headlines. Suddenly, the most divisive issue in America turns the President's nomination into all-out war.
650 _aENGLISH NOVEL
_zNEW YORK
942 _cBK
999 _c3477
_d3477